[Event "SR 2. liga A 2012/2013"]
[Site "?"]
[Date "2013.02.16"]
[Round "44.7"]
[White "Sahidi, Samir"]
[Black "Nemeckay, Rastislav"]
[Result "0-1"]
[WhiteElo "1674"]
[BlackElo "1980"]
[PlyCount "104"]
[EventDate "2012.??.??"]
[WhiteTeam "KSN"]
[BlackTeam "Osuske B"]

1. e4 e5 2. Nf3 Nf6 3. d3 Nc6 4. Nc3 d5 5. Bg5 d4 6. Nd5 Be7 7. Nxe7 Qxe7 8.
Qd2 Be6 9. Be2 O-O-O 10. a3 h6 11. Bh4 Rhg8 12. Bg3 Nd7 13. h3 g5 14. Nh2 f6
15. Bg4 Bf7 16. Bf5 Bg6 17. Bxg6 Rxg6 18. f3 Nc5 19. O-O Ne6 20. Kh1 Nf4 21.
Rab1 Qe6 22. Rg1 Rh8 23. Qf2 h5 24. Bxf4 gxf4 25. c4 Ne7 26. b4 f5 27. Nf1 fxe4
28. fxe4 h4 29. Nh2 Ng8 30. Rb2 Rg3 31. Rd2 Nf6 32. Nf1 Rg7 33. Nh2 Nh5 34. Ng4
Nf6 35. Nh2 Rg3 36. a4 Nh5 37. Rc1 Rhg8 38. Nf1 Rxg2 39. Qxg2 Rxg2 40. Kxg2 f3+
41. Kxf3 Qxh3+ 42. Kf2 Nf4 43. Rcd1 Qg4 44. Ke1 Ng2+ 45. Kf2 h3 46. Nh2 Qf4+
47. Kg1 Ne3 48. Ra1 Nxc4 49. Re2 Qg3+ 50. Kh1 Qxd3 51. Rae1 Ne3 52. Kg1 Ng2 0-1

[Event "SR 2. liga A 2012/2013"]
[Site "?"]
[Date "2013.02.16"]
[Round "44.8"]
[White "Spacek, Marcel"]
[Black "Suchansky, Jakub"]
[Result "1-0"]
[WhiteElo "1846"]
[BlackElo "1639"]
[PlyCount "75"]
[EventDate "2012.??.??"]
[WhiteTeam "Osuske B"]
[BlackTeam "KSN"]

1. d4 Nf6 2. c4 g6 3. Nc3 Bg7 4. e4 d6 5. f3 O-O 6. Be3 e5 7. d5 Nbd7 8. Nge2
Nh5 9. g4 Nf4 10. Nxf4 exf4 11. Bxf4 Ne5 12. Be2 f5 13. gxf5 gxf5 14. Qd2 fxe4
15. fxe4 Qh4+ 16. Bg3 Qe7 17. O-O-O a6 18. Kb1 Ng6 19. Bd3 Bd7 20. Rde1 b5 21.
cxb5 axb5 22. Bxb5 Bxb5 23. Nxb5 Rfb8 24. Nd4 Qf6 25. Nb3 Qd8 26. h4 Qc8 27.
Qd3 Ne5 28. Bxe5 Bxe5 29. Re2 Qb7 30. Rg1+ Kh8 31. Rgg2 Qa7 32. Nc1 Rb6 33. Qc4
Qb7 34. Nd3 Bg7 35. Rxg7 Kxg7 36. Qd4+ Kg6 37. Rg2+ Kf7 38. Rg7+ 1-0

[Event "SR 2. liga A 2012/2013"]
[Site "?"]
[Date "2013.02.16"]
[Round "45.1"]
[White "Sipos, Istvan"]
[Black "Hajek, Lukas"]
[Result "1-0"]
[WhiteElo "2459"]
[BlackElo "2155"]
[PlyCount "71"]
[EventDate "2012.??.??"]
[WhiteTeam "Gabcikovo"]
[BlackTeam "Doprastav C"]

1. c4 Nf6 2. Nc3 c5 3. g3 g6 4. Bg2 Bg7 5. Nf3 O-O 6. O-O d6 7. d4 cxd4 8. Nxd4
Nbd7 9. b3 Rb8 10. Bb2 a6 11. Qd2 Qa5 12. h3 Nc5 13. Rfd1 Bd7 14. Nc2 Qd8 15.
Nd5 Nfe4 16. Qc1 Bxb2 17. Qxb2 Ng5 18. h4 Nge6 19. e4 f6 20. b4 Na4 21. Qb3 Kg7
22. Nce3 Qe8 23. Rac1 Qf7 24. f4 Rbc8 25. Kh2 Rfd8 26. Bh3 b5 27. f5 Nc7 28.
cxb5 Nxd5 29. Nxd5 Rxc1 30. Rxc1 axb5 31. Rc7 Qe8 32. Qc2 g5 33. hxg5 fxg5 34.
f6+ exf6 35. Qf2 Qf7 36. Bxd7 1-0

[Event "SR 2. liga A 2012/2013"]
[Site "?"]
[Date "2013.02.16"]
[Round "45.2"]
[White "Danada, Tomas"]
[Black "Berczes, Csaba"]
[Result "0-1"]
[WhiteElo "2098"]
[BlackElo "2388"]
[PlyCount "70"]
[EventDate "2012.??.??"]
[WhiteTeam "Doprastav C"]
[BlackTeam "Gabcikovo"]

1. g3 Nf6 2. Bg2 d5 3. d3 e6 4. Nd2 b6 5. e4 Bb7 6. e5 Nfd7 7. f4 c5 8. Ngf3
Nc6 9. O-O h6 10. c4 Qc7 11. cxd5 exd5 12. Nh4 Ne7 13. Qg4 g6 14. b3 Bg7 15.
Bb2 Nf8 16. Rae1 Bc8 17. f5 h5 18. Qe2 gxf5 19. Nc4 dxc4 20. Bxa8 cxb3 21. axb3
Be6 22. d4 cxd4 23. Bxd4 Qd8 24. Qb5+ Bd7 25. Qa6 Qxa8 26. Bxb6 Qc6 27. Qxa7
Nc8 28. Qa3 Qxb6+ 29. Kg2 Qb7+ 30. Kg1 Qa7+ 31. Qxa7 Nxa7 32. Nxf5 Bxf5 33.
Rxf5 Nc6 34. b4 Ne6 35. b5 Ncd4 0-1

[Event "SR 2. liga A 2012/2013"]
[Site "?"]
[Date "2013.02.16"]
[Round "45.3"]
[White "Krajnak, Martin"]
[Black "Varholakova, Niki"]
[Result "1/2-1/2"]
[WhiteElo "2225"]
[BlackElo "2200"]
[PlyCount "36"]
[EventDate "2012.??.??"]
[WhiteTeam "Gabcikovo"]
[BlackTeam "Doprastav C"]

1. Nf3 d5 2. b3 Nf6 3. Bb2 e6 4. e3 Bd6 5. Bb5+ c6 6. Be2 Nbd7 7. d4 Ne4 8. O-O
O-O 9. c4 f5 10. Nbd2 Ndf6 11. Ne5 Nxd2 12. Qxd2 Ne4 13. Qc2 Bd7 14. f3 Nf6 15.
Bd3 Nh5 16. Rac1 g6 17. Qe2 Qe7 18. Rfd1 Rad8 1/2-1/2

[Event "SR 2. liga A 2012/2013"]
[Site "?"]
[Date "2013.02.16"]
[Round "45.4"]
[White "Petrik, Stanislav"]
[Black "Janko, Ladislav"]
[Result "1-0"]
[WhiteElo "2171"]
[BlackElo "2212"]
[PlyCount "53"]
[EventDate "2012.??.??"]
[WhiteTeam "Doprastav C"]
[BlackTeam "Gabcikovo"]

1. e4 c6 2. c4 d5 3. exd5 cxd5 4. cxd5 Nf6 5. Nc3 Nxd5 6. Bc4 Nxc3 7. Qb3 e6 8.
dxc3 Qc7 9. Nf3 Be7 10. Be3 O-O 11. O-O Nd7 12. Rfe1 b6 13. Rad1 Nc5 14. Qc2
Bb7 15. Ng5 g6 16. b4 Ne4 17. Nxf7 Qxc4 18. Nh6+ Kg7 19. Rd7 Rfe8 20. Rxb7 Qc6
21. Bd4+ e5 22. Qxe4 Qxe4 23. Rxe4 exd4 24. Ng4 Kf8 25. cxd4 h5 26. Ne5 Bg5 27.
h4 1-0

[Event "SR 2. liga A 2012/2013"]
[Site "?"]
[Date "2013.02.16"]
[Round "45.5"]
[White "Dvorsky, Jozef"]
[Black "Petrik, Karol"]
[Result "0-1"]
[WhiteElo "2020"]
[BlackElo "2091"]
[PlyCount "86"]
[EventDate "2012.??.??"]
[WhiteTeam "Gabcikovo"]
[BlackTeam "Doprastav C"]

1. e4 c6 2. d4 g6 3. Bd3 Bg7 4. Ne2 Nf6 5. Nd2 O-O 6. O-O Na6 7. c3 d6 8. f4 e5
9. Nf3 exd4 10. cxd4 Qe7 11. Nc3 b5 12. e5 Ne8 13. a4 b4 14. Ne4 d5 15. Ng3 f5
16. Qe2 Nac7 17. Be3 a5 18. Rac1 Bd7 19. h4 Ne6 20. b3 N8c7 21. Kf2 Bh6 22. Ng5
Bxg5 23. hxg5 Nxg5 24. Nh5 Ne4+ 25. Bxe4 fxe4 26. Nf6+ Rxf6 27. exf6 Qxf6 28.
Kg1 Ne6 29. Qd2 Ng7 30. g3 Nf5 31. Kg2 Qe6 32. Rh1 Rf8 33. Rc5 g5 34. fxg5 Nxg3
35. Rh4 Nf1 36. Qe2 Nxe3+ 37. Qxe3 Rf3 38. Qe1 Qf5 39. Rc2 Rxb3 40. Kg1 Qf3 41.
Rf2 Qg3+ 42. Kf1 Bh3+ 43. Rxh3 Qxh3+ 0-1

[Event "SR 2. liga A 2012/2013"]
[Site "?"]
[Date "2013.02.16"]
[Round "45.6"]
[White "Polacik, Igor"]
[Black "Balogh, Peter"]
[Result "1/2-1/2"]
[WhiteElo "2172"]
[BlackElo "2013"]
[PlyCount "46"]
[EventDate "2012.??.??"]
[WhiteTeam "Doprastav C"]
[BlackTeam "Gabcikovo"]

1. e4 e5 2. Bc4 Nc6 3. Nc3 Nf6 4. d3 Na5 5. Nge2 c6 6. O-O d5 7. exd5 cxd5 8.
Bb5+ Bd7 9. d4 e4 10. Bxd7+ Qxd7 11. Bg5 O-O-O 12. f3 Be7 13. Ng3 h6 14. Bf4
Bd6 15. Bxd6 Qxd6 16. fxe4 dxe4 17. Ncxe4 Nxe4 18. Qg4+ Qe6 19. Qxe6+ fxe6 20.
Nxe4 Rxd4 21. Rae1 b6 22. Re2 Rhd8 23. Nf2 Rd2 1/2-1/2

[Event "SR 2. liga A 2012/2013"]
[Site "?"]
[Date "2013.02.16"]
[Round "45.7"]
[White "Kantor, Reka"]
[Black "Krajnak, Robert"]
[Result "0-1"]
[WhiteElo "1949"]
[BlackElo "2075"]
[PlyCount "60"]
[EventDate "2012.??.??"]
[WhiteTeam "Gabcikovo"]
[BlackTeam "Doprastav C"]

1. e4 c5 2. Nf3 e6 3. d4 cxd4 4. Nxd4 Nc6 5. c4 Nf6 6. Nc3 Bb4 7. f3 d5 8. cxd5
exd5 9. Bb5 O-O 10. O-O Qb6 11. Bxc6 bxc6 12. Na4 Qc7 13. exd5 Nxd5 14. Qc2 Bd6
15. f4 Nxf4 16. Bxf4 Bxf4 17. Qxc6 Bxh2+ 18. Kh1 Bb7 19. Qxc7 Bxc7 20. Rac1 Bg3
21. Nc5 Bc8 22. Nc6 Bh4 23. Rc4 Bf6 24. b3 h5 25. Ra4 a6 26. Ne4 Bh4 27. Nc5
Bg5 28. Ne4 Bd7 29. Rc4 Bh4 30. Ne5 Bb5 0-1

[Event "SR 2. liga A 2012/2013"]
[Site "?"]
[Date "2013.02.16"]
[Round "45.8"]
[White "Goga, Frantisek"]
[Black "Kosar, Mikulas"]
[Result "1-0"]
[WhiteElo "1944"]
[BlackElo "1968"]
[PlyCount "71"]
[EventDate "2012.??.??"]
[WhiteTeam "Doprastav C"]
[BlackTeam "Gabcikovo"]

1. e4 d5 2. e5 c5 3. d4 e6 4. Nf3 Nc6 5. c3 Qb6 6. Be2 cxd4 7. cxd4 Bd7 8. Nc3
Rc8 9. O-O Nge7 10. Na4 Qc7 11. Nh4 Ng6 12. Nxg6 hxg6 13. Be3 a6 14. Rc1 Be7
15. g3 Qa5 16. a3 O-O 17. Nc5 Bxc5 18. Rxc5 Qb6 19. Qd2 Qa7 20. Rfc1 b6 21.
R5c3 Qb7 22. h4 Na7 23. h5 gxh5 24. Kg2 Rxc3 25. bxc3 Nc6 26. Rh1 Nxe5 27. Rxh5
Nc4 28. Qc1 Nxe3+ 29. fxe3 f5 30. Qh1 Qb8 31. Rh8+ Kf7 32. Qh5+ Kf6 33. Qh4+
Kf7 34. Bh5+ g6 35. Rh7+ Kg8 36. Bxg6 1-0

[Event "SR 2. liga A 2012/2013"]
[Site "?"]
[Date "2013.02.16"]
[Round "46.1"]
[White "Oprea, Erik"]
[Black "Duben, Igor"]
[Result "0-1"]
[WhiteElo "2125"]
[BlackElo "2180"]
[PlyCount "66"]
[EventDate "2012.??.??"]
[WhiteTeam "DNV A"]
[BlackTeam "DNV B"]

1. e4 e6 2. d4 d5 3. exd5 exd5 4. Bd3 c5 5. dxc5 Bxc5 6. Nf3 Nf6 7. O-O O-O 8.
Nbd2 Bg4 9. c3 Nc6 10. Nb3 Bb6 11. Bf4 Re8 12. h3 Bh5 13. g4 Bg6 14. Bxg6 hxg6
15. Kg2 Qd7 16. Qd3 Rad8 17. Rad1 a6 18. Bg5 Ne5 19. Nxe5 Rxe5 20. Bxf6 gxf6
21. Nd4 Re4 22. Rfe1 Qe7 23. Nf3 Qc5 24. Nd4 Rde8 25. Rf1 Bc7 26. Nf3 Rd8 27.
Rd2 Qd6 28. Rfd1 Qf4 29. Qc2 f5 30. g5 Rde8 31. Rxd5 Re2 32. Qd3 Qg3+ 33. Kh1
Rxf2 0-1

[Event "SR 2. liga A 2012/2013"]
[Site "?"]
[Date "2013.02.16"]
[Round "46.2"]
[White "Zatko, Gregor"]
[Black "Hricak, Vasil"]
[Result "1/2-1/2"]
[WhiteElo "2148"]
[BlackElo "2124"]
[PlyCount "25"]
[EventDate "2012.??.??"]
[WhiteTeam "DNV B"]
[BlackTeam "DNV A"]

1. d4 d6 2. Bf4 Nf6 3. e3 Nbd7 4. Nf3 c6 5. Nbd2 Qa5 6. c3 Nh5 7. Bg5 g6 8. Bc4
Bg7 9. e4 h6 10. Be3 O-O 11. O-O e5 12. dxe5 dxe5 13. Re1 1/2-1/2

[Event "SR 2. liga A 2012/2013"]
[Site "?"]
[Date "2013.02.16"]
[Round "46.3"]
[White "Sosovicka, Juraj"]
[Black "Svaralova, Monika"]
[Result "1-0"]
[WhiteElo "2089"]
[BlackElo "2021"]
[PlyCount "43"]
[EventDate "2012.??.??"]
[WhiteTeam "DNV A"]
[BlackTeam "DNV B"]

1. e4 e6 2. d4 d5 3. Nd2 Nf6 4. e5 Nfd7 5. Bd3 c5 6. c3 Nc6 7. Ne2 cxd4 8. cxd4
f6 9. Nf4 Nxd4 10. Qh5+ Ke7 11. exf6+ Nxf6 12. Ng6+ hxg6 13. Qxh8 Kf7 14. O-O
e5 15. Nb3 Nf5 16. Bg5 e4 17. Bc2 b6 18. Rac1 Nh6 19. Nd4 Bb7 20. Nb5 Be7 21.
Qxd8 Bxd8 22. Nd6+ 1-0

[Event "SR 2. liga A 2012/2013"]
[Site "?"]
[Date "2013.02.16"]
[Round "46.4"]
[White "Szollos, Ondrej"]
[Black "Sosovicka, Matej"]
[Result "1/2-1/2"]
[WhiteElo "1979"]
[BlackElo "2001"]
[PlyCount "115"]
[EventDate "2012.??.??"]
[WhiteTeam "DNV B"]
[BlackTeam "DNV A"]

1. e4 e5 2. Nf3 Nc6 3. Bb5 a6 4. Ba4 Nf6 5. O-O b5 6. Bb3 Bc5 7. c3 d6 8. d4
Bb6 9. d5 Ne7 10. Bc2 O-O 11. Nbd2 Ng6 12. c4 Nh5 13. a4 bxc4 14. Nxc4 Nhf4 15.
Be3 Bg4 16. Bxb6 cxb6 17. Ne3 Bxf3 18. Qxf3 Nh4 19. Qd1 Nfxg2 20. Kh1 Nf4 21.
Bd3 Qd7 22. Be2 f5 23. exf5 Nxe2 24. Qxe2 Nxf5 25. Qg4 Rf6 26. Rac1 Qf7 27.
Nxf5 Rxf5 28. Rc7 Qxd5+ 29. Kg1 g6 30. Qh4 Rf7 31. Rfc1 Raf8 32. R7c6 Rf4 33.
Qg3 Qe6 34. h3 Rf3 35. Qh4 Rxh3 36. Rxd6 Qxd6 37. Qxh3 Rf5 38. Qb3+ Kg7 39. Rd1
Qe7 40. Qxb6 Qg5+ 41. Kf1 Rf7 42. Qxa6 Qh5 43. Ke1 Qh1+ 44. Qf1 Qe4+ 45. Qe2
Qh1+ 46. Qf1 Qe4+ 47. Qe2 Qb4+ 48. Kf1 Qf4 49. b4 h5 50. Re1 Rf5 51. b5 h4 52.
Qe3 Qc4+ 53. Kg1 h3 54. Qe4 Rg5+ 55. Kh1 Qc5 56. Qe3 Qd5+ 57. Qe4 Qd2 58. Qe3
1/2-1/2

[Event "SR 2. liga A 2012/2013"]
[Site "?"]
[Date "2013.02.16"]
[Round "46.5"]
[White "Prikler, Bruno"]
[Black "Antala, Jan"]
[Result "1-0"]
[WhiteElo "2092"]
[BlackElo "1945"]
[PlyCount "37"]
[EventDate "2012.??.??"]
[WhiteTeam "DNV A"]
[BlackTeam "DNV B"]

1. c4 e6 2. Nc3 f5 3. g3 Nf6 4. Bg2 c5 5. e3 Nc6 6. Nge2 g6 7. O-O a6 8. d4
cxd4 9. exd4 Bg7 10. d5 Ne5 11. dxe6 Nxc4 12. exd7+ Qxd7 13. Qb3 Qf7 14. Nf4
O-O 15. Ncd5 Na5 16. Nxf6+ Bxf6 17. Qa4 Qc7 18. Nd5 Qd8 19. Nxf6+ 1-0

[Event "SR 2. liga A 2012/2013"]
[Site "?"]
[Date "2013.02.16"]
[Round "46.6"]
[White "Stefani, Peter"]
[Black "Karas, Marek"]
[Result "1/2-1/2"]
[WhiteElo "1900"]
[BlackElo "1951"]
[PlyCount "78"]
[EventDate "2012.??.??"]
[WhiteTeam "DNV B"]
[BlackTeam "DNV A"]

1. c4 Nf6 2. Nc3 e6 3. Nf3 d5 4. cxd5 exd5 5. d4 c6 6. Bg5 Be7 7. e3 O-O 8. Bd3
Nbd7 9. O-O Ne4 10. Bxe7 Qxe7 11. Qc2 f5 12. Rfe1 Re8 13. Nd2 Nxd2 14. Qxd2 Nf6
15. f3 Be6 16. a3 a5 17. Rac1 Qd6 18. Qc2 f4 19. Kh1 fxe3 20. Rxe3 Qf4 21. Qd2
Qd6 22. Rce1 Bf7 23. Nd1 Rxe3 24. Rxe3 b6 25. Nf2 Re8 26. Bc2 Rxe3 27. Qxe3 Qe6
28. Qxe6 Bxe6 29. Kg1 Kf7 30. Kf1 Ke7 31. Ke2 Kd6 32. b4 axb4 33. axb4 c5 34.
dxc5+ bxc5 35. bxc5+ Kxc5 36. Nd3+ Kd4 37. Nf4 Bf7 38. Kd2 g5 39. Ne2+ Ke5
1/2-1/2

[Event "SR 2. liga A 2012/2013"]
[Site "?"]
[Date "2013.02.16"]
[Round "46.7"]
[White "Hurban, Martin"]
[Black "Jurcak, Marian"]
[Result "1-0"]
[WhiteElo "1935"]
[BlackElo "1872"]
[PlyCount "79"]
[EventDate "2012.??.??"]
[WhiteTeam "DNV A"]
[BlackTeam "DNV B"]

1. e4 c5 2. Nf3 d6 3. d4 cxd4 4. Nxd4 Nf6 5. Nc3 a6 6. Be3 e6 7. Qd2 b5 8.
O-O-O Be7 9. f3 O-O 10. g4 Bb7 11. h4 Nc6 12. Kb1 b4 13. Nxc6 Bxc6 14. Ne2 a5
15. Nd4 Bb7 16. h5 Rb8 17. g5 Nd7 18. g6 Nc5 19. Bh3 Bf6 20. gxf7+ Rxf7 21.
Nxe6 Qe8 22. Qxd6 Bxe4 23. Bxc5 Bxf3 24. Nc7 Qe5 25. Qxe5 Bxe5 26. Be6 Bxh1 27.
Rxh1 Bxc7 28. Rf1 Rd8 29. c3 bxc3 30. Bxf7+ Kh8 31. bxc3 Be5 32. Kc2 Rc8 33.
Be6 Re8 34. Bd7 Rb8 35. Re1 Bf6 36. Bb6 g6 37. Re8+ Rxe8 38. Bxe8 g5 39. Bd4
Kg7 40. h6+ 1-0

[Event "SR 2. liga A 2012/2013"]
[Site "?"]
[Date "2013.02.16"]
[Round "46.8"]
[White "Durica, Andrej"]
[Black "Kosegi, Marek"]
[Result "1/2-1/2"]
[WhiteElo "1839"]
[BlackElo "1879"]
[PlyCount "53"]
[EventDate "2012.??.??"]
[WhiteTeam "DNV B"]
[BlackTeam "DNV A"]

1. e4 g6 2. d4 Bg7 3. f4 d6 4. Nf3 Nd7 5. Bc4 e6 6. Nc3 Ne7 7. Be3 a6 8. h4 Nb6
9. Bb3 d5 10. e5 Nf5 11. Bf2 h5 12. Ng5 Qe7 13. g4 hxg4 14. Qxg4 Bd7 15. O-O-O
O-O-O 16. a4 Bc6 17. Qe2 Rh5 18. Rh3 Rdh8 19. Rdh1 Bh6 20. a5 Bxg5 21. fxg5 Nc4
22. Bxc4 dxc4 23. Ne4 Bxe4 24. Qxe4 Qb4 25. Be1 Qa4 26. Ra3 Qb5 27. Rah3
1/2-1/2

[Event "SR 2. liga A 2012/2013"]
[Site "?"]
[Date "2013.02.16"]
[Round "47.1"]
[White "Kundrik, Peter"]
[Black "Slacky, Stanislav"]
[Result "0-1"]
[WhiteElo "2248"]
[BlackElo "2198"]
[PlyCount "110"]
[EventDate "2012.??.??"]
[WhiteTeam "Piestany"]
[BlackTeam "Krasnany"]

1. e4 Nf6 2. e5 Nd5 3. d4 d6 4. exd6 exd6 5. Nf3 Bg4 6. Bc4 Qe7+ 7. Be2 Bxf3 8.
gxf3 Nc6 9. c4 Nb6 10. Nc3 O-O-O 11. O-O g6 12. Be3 Bg7 13. Rc1 f5 14. f4 g5
15. d5 Nb4 16. a3 Na6 17. Bd3 gxf4 18. Bxf4 Kb8 19. Qh5 Rdf8 20. Rfe1 Qd7 21.
Nd1 Nc5 22. Bb1 Bxb2 23. Nxb2 Qg7+ 24. Kh1 Qxb2 25. Bh6 Rd8 26. Qxf5 Rhg8 27.
Re7 Ncd7 28. Rce1 Ne5 29. c5 Nxd5 30. cxd6 cxd6 31. R7xe5 dxe5 32. Be4 Nc7 33.
h3 Qxa3 34. Be3 Qa4 35. Rb1 Rd1+ 36. Kh2 Rxb1 37. Bxb1 Qd1 38. Bg5 a5 39. Ba2
Re8 40. Bf7 Rf8 41. Be7 Rxf7 42. Qxf7 b5 43. Bc5 Qd5 44. Qe7 Qe6 45. Qd8+ Kb7
46. Bd6 Qf7 47. Bc5 e4 48. Qd6 Qe6 49. Qf8 Kc6 50. Qf4 Nd5 51. Qf8 b4 52. Kg1
b3 53. Bd4 Ne7 54. Qb8 Qd5 55. Bf6 Qd1+ 0-1

[Event "SR 2. liga A 2012/2013"]
[Site "?"]
[Date "2013.02.16"]
[Round "47.2"]
[White "Bronis, Marian"]
[Black "Seitler, Andrej"]
[Result "1-0"]
[WhiteElo "2165"]
[BlackElo "2223"]
[PlyCount "57"]
[EventDate "2012.??.??"]
[WhiteTeam "Krasnany"]
[BlackTeam "Piestany"]

1. d4 Nf6 2. c4 g6 3. Nc3 Bg7 4. e4 d6 5. Be3 Na6 6. f3 O-O 7. Bd3 c5 8. Nge2
Bd7 9. O-O cxd4 10. Nxd4 Nc5 11. Be2 a6 12. Qd2 Rc8 13. Rac1 Ne8 14. Kh1 f5 15.
exf5 gxf5 16. Bg5 Bxd4 17. Qxd4 Ne6 18. Qd2 Nxg5 19. Qxg5+ Kh8 20. Nd5 Nf6 21.
Qe3 e5 22. f4 e4 23. Rfd1 Rc6 24. Qd4 Kg8 25. Rc3 Kf7 26. Rh3 Ke8 27. Rh6 Nxd5
28. Bh5+ Rf7 29. Bxf7+ 1-0

[Event "SR 2. liga A 2012/2013"]
[Site "?"]
[Date "2013.02.16"]
[Round "47.3"]
[White "Abel, Peter"]
[Black "Biro, Karol"]
[Result "1-0"]
[WhiteElo "2194"]
[BlackElo "2156"]
[PlyCount "73"]
[EventDate "2012.??.??"]
[WhiteTeam "Piestany"]
[BlackTeam "Krasnany"]

1. c4 e5 2. Nc3 Nc6 3. Nf3 Nf6 4. e3 d6 5. d4 Be7 6. h3 O-O 7. d5 Nb8 8. Bd3
Na6 9. O-O Nc5 10. Bc2 a5 11. a3 Ne8 12. e4 f5 13. exf5 Bxf5 14. Be3 Bxc2 15.
Qxc2 Nd7 16. b4 b6 17. Ne4 h6 18. Ng3 Rf7 19. Rae1 axb4 20. axb4 Bf8 21. Ra1
Kh8 22. Qg6 Rf6 23. Qg4 Rf7 24. Qh5 Kg8 25. Qg6 Rxa1 26. Rxa1 Qf6 27. Qg4 g6
28. Ra8 Re7 29. Rxe8 Rxe8 30. Qxd7 Qf7 31. Qg4 Bg7 32. Nh4 Kh7 33. Ne4 Bf6 34.
c5 bxc5 35. bxc5 dxc5 36. d6 Rg8 37. dxc7 1-0

[Event "SR 2. liga A 2012/2013"]
[Site "?"]
[Date "2013.02.16"]
[Round "47.4"]
[White "Petreje, Juraj"]
[Black "Mihalik, Marek"]
[Result "0-1"]
[WhiteElo "2150"]
[BlackElo "2019"]
[PlyCount "76"]
[EventDate "2012.??.??"]
[WhiteTeam "Krasnany"]
[BlackTeam "Piestany"]

1. d4 Nf6 2. Nf3 e6 3. Bg5 h6 4. Bh4 c5 5. e3 Nc6 6. Nbd2 Be7 7. Be2 O-O 8. O-O
d5 9. c3 Qa5 10. Nb3 Qb6 11. dxc5 Bxc5 12. Nxc5 Qxc5 13. Rc1 b5 14. Nd2 Qb6 15.
Bd3 Ne5 16. Bb1 Bb7 17. Qe2 b4 18. Bxf6 gxf6 19. Qh5 Kg7 20. Nf3 Nxf3+ 21. Qxf3
bxc3 22. Rxc3 Rac8 23. Qg4+ Kh8 24. Qh4 Kg7 25. Rb3 Qc7 26. Rb4 f5 27. Qh5 Ba6
28. Rd1 Rh8 29. g4 Be2 30. Re1 Bxg4 31. Qh4 Rcg8 32. f3 Bxf3 33. Kf2 Be4 34.
Bxe4 dxe4 35. Rg1+ Kh7 36. Re1 Rg4 37. Qh3 Rhg8 38. Re2 Qc1 0-1

[Event "SR 2. liga A 2012/2013"]
[Site "?"]
[Date "2013.02.16"]
[Round "47.5"]
[White "Manak, Jozef"]
[Black "Kebis, Milos"]
[Result "0-1"]
[WhiteElo "2020"]
[BlackElo "2002"]
[PlyCount "107"]
[EventDate "2012.??.??"]
[WhiteTeam "Piestany"]
[BlackTeam "Krasnany"]

1. e4 e5 2. Nf3 Nc6 3. Bb5 a6 4. Bxc6 dxc6 5. Nc3 Bd6 6. O-O Nf6 7. d3 O-O 8.
h3 Re8 9. Ne2 h6 10. Nh2 a5 11. g4 Nh7 12. Ng3 Ng5 13. Kg2 Ne6 14. Nf5 Bf8 15.
Nf3 Nf4+ 16. Kg3 Bxf5 17. gxf5 c5 18. Bxf4 exf4+ 19. Kh2 c4 20. Rg1 Qf6 21. b3
Rad8 22. e5 Qxf5 23. bxc4 g6 24. d4 Bg7 25. Qd3 Qxd3 26. cxd3 c5 27. d5 Bxe5
28. Rab1 Bc3 29. Rb3 Bb4 30. a3 a4 31. Rb2 Bxa3 32. Rxb7 Bb4 33. Ra1 a3 34. Ra2
Kf8 35. d4 Rb8 36. Ra7 cxd4 37. R7xa3 Bxa3 38. Rxa3 Re2 39. Nxd4 Rxf2+ 40. Kg1
Rbb2 41. Rb3 Rxb3 42. Nxb3 Rf3 43. Na5 Rc3 44. Kf2 Ke7 45. Ke2 Ra3 46. Nc6+ Kd6
47. h4 g5 48. hxg5 hxg5 49. Nd8 Ra7 50. Kd3 f3 51. Ke3 g4 52. Kf2 Ra2+ 53. Ke1
g3 54. Nxf7+ 0-1

[Event "SR 2. liga A 2012/2013"]
[Site "?"]
[Date "2013.02.16"]
[Round "47.6"]
[White "Povysil, Peter"]
[Black "Stepanovic, Branislav"]
[Result "0-1"]
[WhiteElo "1993"]
[BlackElo "1992"]
[PlyCount "82"]
[EventDate "2012.??.??"]
[WhiteTeam "Krasnany"]
[BlackTeam "Piestany"]

1. d4 d5 2. c4 e6 3. Nc3 Nf6 4. cxd5 exd5 5. Bg5 Be7 6. e3 O-O 7. Bd3 Re8 8.
Qc2 h6 9. Bh4 c6 10. Nge2 Ne4 11. Bg3 Nxg3 12. Nxg3 Bf8 13. O-O Nd7 14. Rae1
Nf6 15. f3 Be6 16. f4 b6 17. f5 Bc8 18. Qf2 c5 19. Qf3 Bb7 20. Kh1 c4 21. Bc2
a6 22. Nh5 Nxh5 23. Qxh5 Qg5 24. Qf3 Rad8 25. e4 Qd2 26. Rd1 dxe4 27. Bxe4 Bxe4
28. Nxe4 Qxb2 29. Qg4 Kh8 30. f6 Rxd4 31. Rde1 g6 32. Qf3 Rd3 33. Qf4 c3 34.
Nd6 Rxe1 35. Nxf7+ Kh7 36. Rxe1 Qe2 37. Rg1 Rd1 38. h4 c2 39. Ng5+ hxg5 40.
Qc7+ Kg8 41. f7+ Kh7 0-1

[Event "SR 2. liga A 2012/2013"]
[Site "?"]
[Date "2013.02.16"]
[Round "47.7"]
[White "Mihalik, Anton"]
[Black "Kohlman, Robert"]
[Result "0-1"]
[WhiteElo "1953"]
[BlackElo "2184"]
[PlyCount "104"]
[EventDate "2012.??.??"]
[WhiteTeam "Piestany"]
[BlackTeam "Krasnany"]

1. c4 d6 2. Nc3 e5 3. e4 Nc6 4. Nf3 Bg4 5. Be2 Qd7 6. h3 Bxf3 7. Bxf3 g6 8. Bg4
Qd8 9. d3 Bg7 10. Be3 Nge7 11. Bg5 h6 12. Bh4 g5 13. Bg3 Ng6 14. Nd5 Nd4 15.
O-O Nf4 16. Ne3 h5 17. Bf5 c6 18. b4 g4 19. Re1 gxh3 20. Bxh3 Nxh3+ 21. gxh3
Qf6 22. Kg2 O-O-O 23. h4 Rdg8 24. Nc2 Ne6 25. Qf3 Nf4+ 26. Bxf4 exf4 27. Qh3+
Qe6 28. Kh2 Bxa1 29. Rxa1 Kc7 30. Re1 Rg4 31. Nd4 Qf6 32. Nf5 Qc3 33. Rg1 Rxg1
34. Kxg1 Qe1+ 35. Kh2 Qxf2+ 36. Qg2 Qxg2+ 37. Kxg2 Rg8+ 38. Kf3 Rg4 39. d4 Kd7
40. c5 dxc5 41. bxc5 Ke6 42. a4 b6 43. Ke2 bxc5 44. dxc5 Ke5 45. Kf3 Rg3+ 46.
Kf2 Kxe4 47. Nd6+ Kd5 48. Nxf7 Kxc5 49. Ng5 Rxg5 50. hxg5 Kd5 51. Kf3 Ke5 52.
g6 Kf6 0-1

[Event "SR 2. liga A 2012/2013"]
[Site "?"]
[Date "2013.02.16"]
[Round "47.8"]
[White "Mandak, Miroslav"]
[Black "Nemsak, Denis"]
[Result "1/2-1/2"]
[WhiteElo "1973"]
[BlackElo "1873"]
[PlyCount "144"]
[EventDate "2012.??.??"]
[WhiteTeam "Krasnany"]
[BlackTeam "Piestany"]

1. e4 d5 2. e5 d4 3. c3 Nc6 4. cxd4 Nxd4 5. Nf3 c6 6. Nc3 Bg4 7. Be2 Nxe2 8.
Qxe2 e6 9. O-O Ne7 10. h3 Bf5 11. d4 Nd5 12. a3 Be7 13. Bd2 h6 14. b4 a6 15.
Na4 g5 16. Nh2 h5 17. g4 Bg6 18. Rfc1 hxg4 19. hxg4 Rh3 20. Nf3 Kd7 21. Kg2 Qh8
22. Rh1 Rxh1 23. Rxh1 Qg7 24. Nc5+ Bxc5 25. dxc5 Rh8 26. Rxh8 Qxh8 27. Nxg5 f6
28. exf6 Qxf6 29. f4 Bb1 30. Kg3 Ba2 31. Qd3 Kc8 32. Ne4 Qa1 33. Nd6+ Kb8 34.
Be3 Nxe3 35. Qxe3 Bd5 36. g5 Qh1 37. Kg4 Qd1+ 38. Kh4 Qh1+ 39. Qh3 Qe1+ 40. Kh5
Qd1+ 41. Kg6 Qd4 42. f5 Be4 43. Nxe4 Qxe4 44. Kf6 exf5 45. Qxf5 Qh4 46. Ke6
Qc4+ 47. Kf6 Qh4 48. Kg7 Qd4+ 49. Qf6 Qd7+ 50. Qf7 Qd4+ 51. Kg8 Ka7 52. g6 Qd8+
53. Kg7 Qd4+ 54. Kf8 Qh8+ 55. Ke7 Qe5+ 56. Kd7 Qd4+ 57. Kc7 Qe5+ 58. Kc8 Qh8+
59. Kd7 Qd4+ 60. Ke6 Qd5+ 61. Kf6 Qd4+ 62. Kg5 Qe5+ 63. Qf5 Qe7+ 64. Kh6 Qh4+
65. Qh5 Qf4+ 66. Kh7 Qe4 67. Qh6 Qf5 68. Qg7 Qh5+ 69. Kg8 Qg5 70. Qf7 Qd8+ 71.
Qf8 Qd5+ 72. Kh7 Qe4 1/2-1/2